Maloobchodný obrat a tržby September 1993

Salvato in:
Dettagli Bibliografici
Natura: Libro
Lingua:slovacco
Pubblicazione: Bratislava Štatistický úrad SR 1993
Soggetti:
Tags: Aggiungi Tag
Nessun Tag, puoi essere il primo ad aggiungerne!!

MARC

LEADER 00000nam a2200000 4500
001 c004377
005 20251204134818.3
041 0 |a slo 
044 |a SK 
245 1 0 |a Maloobchodný obrat a tržby  |b September 1993 
264 1 |a Bratislava  |b Štatistický úrad SR  |c 1993 
300 |a 104 s. 
610 2 0 |a Slovensko 
610 2 0 |a obrat maloobchodný 
610 2 0 |a tržby